006500000a22001690004500090001400000245008100014650001700095650002000112650002500132653003300157041001300190100002700203942001300230773004200243999001500285952018000300 aARb0024410aNachtrag und berichtigung zu: senkrecht-ovale pupillen in dieser zeitschrift14aFauna99259414aReptiles99276714aHerpetología98027 gPhelsumaePhelsuma guentheri0 aAlemán1 aMertens, Robert993053 cARTICULO1 tSalamandra388h3-4q187-187d1972g8 c9344d9344 001040718HEMEROTECAaBogotabBogotad2015-02-27eMuñoz Saba, YanethhFuera de circulaciónl0oAR 00244p010487r2015-03-25 00:00:00t1w2015-03-25xDonaciónyARTICULO